Score 0/20 Timer 02:00
0 Plays Today
Hint Answer % Correct
The _____-FilesX
94.8%
_____ and Butt-HeadBeavis
94.3%
Sabrina the _____ WitchTeenage
94.3%
Are You Afraid of the _____?Dark
90.7%
The _____ & Stimpy ShowRen
90.4%
The _____ and the RestlessYoung
89.6%
Twin _____Peaks
88.7%
_____ ExposureNorthern
79.7%
The _____ School BusMagic
77.1%
Hey _____!Arnold
74.8%
Hint Answer % Correct
Rocko's _____ LifeModern
59.2%
I'll _____ AwayFly
57.7%
_____ & KelKenan
56.1%
_____ BeaversAngry
52.1%
The Secret World of _____ MackAlex
42.4%
Salute Your _____Shorts
40.6%
Aaahh!!! Real _____Monsters
40.1%
Parker Lewis Can't _____Lose
39.2%
_____ WeirdSo
21%
Smart _____Guy
18.5%

Today's Daily Dose

Remove Ads.
Support Sporcle.
Get the best of Sporcle when you Go Orange. This ad-free experience offers more features, more stats, and more fun while also helping to support Sporcle. Thank you for becoming a member.

You're not logged in!

Compare scores with friends on all Sporcle quizzes.
OR
Log In

Show Comments

Extras

Top Quizzes Today


Score Distribution

Your Account Isn't Verified!

In order to create a playlist on Sporcle, you need to verify the email address you used during registration. Go to your Sporcle Settings to finish the process.

Report this User

Report this user for behavior that violates our Community Guidelines.

Details: